Top 10 countries with the most advanced technology - Statistics

General Stats
  • This quiz has been taken 495 times
    377 since last reset
  • The average score is 9 of 10
Answer Stats
Hint Answer % Correct
United States
99%
Japan
97%
United Kingdom
95%
China
94%
France
94%
Germany
94%
Russia
86%
South Korea
86%
Sweden
67%
Israel
45%
No matching quizzes found
Score Distribution
Percent of People with Each Score
Percentile by Number Answered
Your Score History
You have not taken this quiz since the last reset